Devine le film d'animation - Statistiques

Statistiques générales
  • Ce quiz a été pris 124 fois
  • Le résultat moyen est 18 sur 25
Statistiques - réponses
Par images Réponse % Correct
moi moche et mechant
99%
l'age de glace
97%
madagascar
96%
shrek
96%
kung fu panda
95%
rio
93%
dragon
92%
le grinch
92%
les minions
92%
les trolls
90%
baby boss
89%
les schtroumpfs
77%
turbo
77%
tous en scene
74%
le pole express
71%
les croods
67%
spirit
67%
hotel transylvanie
64%
wallace et gromit
62%
les cinq legendes
47%
souris city
34%
le monde secret des emojis
29%
nos voisins les hommes
25%
bee movies
14%
la legende de manolo
12%
Aucun quiz correspondant
Distribution des résultats
% des personnes avec chaque résultat
Percentile par nombre de réponses
Votre historique - résultats
Vous n’avez pas pris ce quiz